000 01095cpcaa2200277 4500
001 mm 81077958
003 DLC
005 20260227111710.0
008 811028|||||||||||| eng
010 _amm 81077958
040 _aDLC
_cDLC
_edacs
_dDLC
072 7 _aC
_2lcmd
245 0 0 _aAnalecta Anglicana :
_kcommonplace-books,
_f18th century.
300 _a5
_fitems.
300 _a5
_fcontainers.
506 0 _aOpen to research.
520 8 _aCommonplace-books entitled "Analecta Anglicana" kept by an unknown person, consisting of notes, extracts, cut materials from printed items, and engravings relating to English history, government, culture, and society.
546 _aCollection material in English.
650 0 _aCommonplace books.
650 0 _aCulture.
651 0 _aGreat Britain
_xHistory.
651 0 _aGreat Britain
_xPolitics and government.
651 0 _aGreat Britain
_xSocial life and customs.
999 _c43286
_d43286